000
00454nam a2200145Ia 4500
008
100204s9999 xx 000 0 und d
082
_b
11253
100
_a
कर्निक हेमन
245
_a
सुवर्णरेखा
260
_b
"राहूल प्रकाशन , मुंबई 78"
_c
1988
300
_a
155
630
_a
सुवर्णरेखा
730
_a
सुवर्णरेखा
942
_c
BOOK
999
_c
455689
_d
455686